Journalism A Career Handbook/ (Record no. 199438)

MARC details
000 -LEADER
fixed length control field 00853nam a22002057a 4500
005 - DATE AND TIME OF LATEST TRANSACTION
control field 20240321115958.0
010 ## - LCCN (DPL NO)
LC control number B-756250-252 ENG-139879
020 ## - INTERNATIONAL STANDARD BOOK NUMBER
International Standard Book Number 9789394701632
Terms of availability 799.00
035 ## - SYSTEM CONTROL NUMBER
System control number B-756250-252
035 ## - SYSTEM CONTROL NUMBER
System control number EN-123411
037 ## - SOURCE OF ACQUISITION
Stock number Bloomsbury Publishing India Pvt. Ltd
082 ## - DEWEY DECIMAL CLASSIFICATION NUMBER
Classification number 070.4
100 ## - MAIN ENTRY--PERSONAL NAME
Personal name McKane,Anna
245 ## - TITLE STATEMENT
Title Journalism A Career Handbook/
Statement of responsibility, etc Anna McKane
260 ## - PUBLICATION, DISTRIBUTION, ETC. (IMPRINT)
Place of publication, distribution, etc New Delhi
Name of publisher, distributor, etc Bloomsbury Publishing India Pvt. Ltd
Date of publication, distribution, etc 2023
270 ## - ADDRESS
Address Second Floor, LSC Building No. 4 DDA Complex Pocket C-6 & 7, Vasant Kunj
City New Delhi
Postal code 110070
300 ## - PHYSICAL DESCRIPTION
Extent 218p.
Dimensions 21cm(Pbk)
942 ## - ADDED ENTRY ELEMENTS (KOHA)
Source of classification or shelving scheme Dewey Decimal Classification
Item type English Books
Classification part 070.4
Call number suffix MCK
Holdings
Withdrawn status Lost status Not for loan Collection code Home library Current library Date acquired Source of acquisition Cost, normal purchase price Full call number Barcode Copy number Cost, replacement price Koha item type
      Non-fiction Ashok Vihar Ashok Vihar 29/12/2023 Bharatiya Sahitya Bhavan/IN185/29.11.23/26/.23.11.23/1.12.23 799.00 070.4 MCK B-756251 1 799.00 English Books
      Non-fiction Bawana Bawana 21/03/2024 Delivery of Books Act Division 799.00 070.4 MCK EN-123411 1 799.00 English Books
      Non-fiction Central Library Central Library 29/12/2023 Bharatiya Sahitya Bhavan/IN185/29.11.23/26/.23.11.23/1.12.23 799.00 070.4 MCK B-756250 1 799.00 English Books
      Non-fiction Shahdara Branch Shahdara Branch 29/12/2023 Bharatiya Sahitya Bhavan/IN185/29.11.23/26/.23.11.23/1.12.23 799.00 070.4 MCK B-756252 1 799.00 English Books

© Delhi Public Library
Hit Counter
free hit counter